[Event "Online Nations Cup Prelim"]
[Site "chess.com INT"]
[Date "2020.05.08"]
[Round "7.2"]
[Board "3"]
[White "Harikrishna, Pentala"]
[Black "Cori, Jorge"]
[Result "1-0"]
[WhiteTitle "GM"]
[BlackTitle "GM"]
[WhiteElo "2719"]
[BlackElo "2652"]
[WhiteTeam "India"]
[BlackTeam "Rest of the World"]
[WhiteFideId "5007003"]
[BlackFideId "3802272"]
[EventDate "2020.05.05"]

1. e4 c5 2. Nf3 Nc6 3. d4 cxd4 4. Nxd4 e5 5. Nb5 d6 6. N1c3 a6 7. Na3 b5 8. Nd5
Nf6 9. Bg5 Be7 10. Bxf6 Bxf6 11. c4 b4 12. Nc2 Rb8 13. b3 a5 14. g3 O-O 15. Bg2
g6 16. Nxf6+ Qxf6 17. O-O Qe7 18. Qe2 Be6 19. Rad1 f6 20. Rd3 Nd8 21. Rfd1 Nb7
22. h4 Rfd8 23. Qd2 Kg7 24. Ne3 Rd7 25. f4 Rbd8 26. f5 Bg8 27. fxg6 hxg6 28. Ng4
Bh7 29. Rf3 Rf8 30. Qh6+ Kh8 31. Nxe5 1-0

[Event "Online Nations Cup Prelim"]
[Site "chess.com INT"]
[Date "2020.05.08"]
[Round "7.2"]
[Board "4"]
[White "Muzychuk, Mariya"]
[Black "Harika, Dronavalli"]
[Result "1/2-1/2"]
[WhiteTitle "GM"]
[BlackTitle "GM"]
[WhiteElo "2544"]
[BlackElo "2515"]
[WhiteTeam "Rest of the World"]
[BlackTeam "India"]
[WhiteFideId "14114550"]
[BlackFideId "5015197"]
[EventDate "2020.05.05"]

1. e4 c5 2. Nf3 Nc6 3. Bb5 g6 4. O-O Bg7 5. c3 Nf6 6. Re1 O-O 7. d4 d5 8. e5 Ne4
9. Nbd2 cxd4 10. cxd4 Qb6 11. Bxc6 Qxc6 12. Qe2 Nxd2 13. Bxd2 Qb6 14. Bg5 f6 15.
exf6 exf6 16. Bf4 Bd7 17. h3 Rfe8 18. Qd2 Rxe1+ 19. Rxe1 Re8 20. Rxe8+ Bxe8 21.
Qc3 Bd7 22. Nd2 Qc6 23. Qxc6 Bxc6 24. Bb8 a6 25. f4 Kf7 26. Kf2 Ke6 27. Ke3 Bf8
28. Nb3 Kd7 29. Ba7 Bd6 30. Nc5+ Bxc5 31. Bxc5 h5 32. h4 Ke6 33. g3 Bb5 34. a3
Kf5 35. Be7 Ke6 36. Bc5 Kf5 37. Be7 Ke6 38. Bc5 1/2-1/2

[Event "Online Nations Cup Prelim"]
[Site "chess.com INT"]
[Date "2020.05.08"]
[Round "7.3"]
[Board "4"]
[White "Muzychuk, Anna"]
[Black "Ju, Wenjun"]
[Result "1/2-1/2"]
[WhiteTitle "GM"]
[BlackTitle "GM"]
[WhiteElo "2535"]
[BlackElo "2560"]
[WhiteTeam "Europe"]
[BlackTeam "China"]
[WhiteFideId "14111330"]
[BlackFideId "8603006"]
[EventDate "2020.05.05"]

1. e4 e5 2. Nf3 Nf6 3. Nxe5 d6 4. Nf3 Nxe4 5. d3 Nf6 6. d4 d5 7. Bd3 Bd6 8. Qe2+
Be6 9. Ng5 Qe7 10. Nxe6 fxe6 11. f4 c5 12. dxc5 Bxc5 13. Nd2 Nc6 14. Nf3 O-O 15.
Bd2 Nb4 16. Bxb4 Bxb4+ 17. c3 Bd6 18. O-O Bxf4 19. Nd4 Bc7 20. Nxe6 Rfe8 21.
Nxc7 Qxc7 22. Qf2 b6 23. Rae1 Rxe1 24. Qxe1 Re8 25. Qh4 Re3 26. Qd4 Qc5 27. Qxc5
bxc5 28. Rd1 Kf7 29. h3 c4 30. Bf1 Re7 31. g4 h6 32. Bg2 Re2 33. Bxd5+ Nxd5 34.
Rxd5 Rxb2 35. Rd7+ Kf6 36. Rxa7 Rc2 1/2-1/2

[Event "Online Nations Cup Prelim"]
[Site "chess.com INT"]
[Date "2020.05.08"]
[Round "8.1"]
[Board "1"]
[White "Nepomniachtchi, Ian"]
[Black "Ding, Liren"]
[Result "1/2-1/2"]
[WhiteTitle "GM"]
[BlackTitle "GM"]
[WhiteElo "2784"]
[BlackElo "2791"]
[WhiteTeam "Russia"]
[BlackTeam "China"]
[WhiteFideId "4168119"]
[BlackFideId "8603677"]
[EventDate "2020.05.05"]

1. d4 d5 2. c4 c6 3. Nf3 Nf6 4. Nc3 e6 5. e3 Nbd7 6. Qc2 Bd6 7. Bd3 O-O 8. O-O
e5 9. cxd5 cxd5 10. e4 exd4 11. Nxd5 Nxd5 12. exd5 h6 13. Nxd4 Qh4 14. Nf3 Qh5
15. Bh7+ Kh8 16. Qf5 Qxf5 17. Bxf5 Nf6 18. Bc2 b6 19. Rd1 Bb7 20. Bb3 Rad8 21.
Be3 Be7 22. Re1 Bb4 23. Bd2 Bxd2 24. Nxd2 Bxd5 25. Nc4 Rfe8 26. f3 Kg8 27. Rxe8+
Rxe8 28. Kf2 Rc8 29. Ne3 Bxb3 30. axb3 1/2-1/2

[Event "Online Nations Cup Prelim"]
[Site "chess.com INT"]
[Date "2020.05.08"]
[Round "8.1"]
[Board "4"]
[White "Hou, Yifan"]
[Black "Goryachkina, Aleksandra"]
[Result "1-0"]
[WhiteTitle "GM"]
[BlackTitle "GM"]
[WhiteElo "2658"]
[BlackElo "2582"]
[WhiteTeam "China"]
[BlackTeam "Russia"]
[WhiteFideId "8602980"]
[BlackFideId "4147103"]
[EventDate "2020.05.05"]

1. e4 e6 2. d4 d5 3. Nc3 Bb4 4. Qd3 dxe4 5. Qxe4 Nf6 6. Qh4 c5 7. dxc5 Bxc3+ 8.
bxc3 Qc7 9. Be3 Nbd7 10. Nf3 Nxc5 11. Qg3 Qxg3 12. hxg3 b6 13. a4 O-O 14. a5 Bb7
15. Ne5 Be4 16. Nd3 Nd5 17. Bxc5 bxc5 18. c4 Nb4 19. Nxb4 cxb4 20. Bd3 Bg6 21.
Ke2 Rfc8 22. Rhb1 f5 23. Rxb4 e5 24. Ke3 Rc5 25. a6 Rd8 26. Rb5 f4+ 27. gxf4
exf4+ 28. Kxf4 Rc6 29. Ke3 Bf7 30. Rb7 Bxc4 31. Rxa7 Bxd3 32. cxd3 Rc3 33. Rb7
Rcxd3+ 34. Ke2 Rd2+ 35. Ke1 Rc2 36. a7 Re8+ 37. Kf1 1-0

[Event "Online Nations Cup Prelim"]
[Site "chess.com INT"]
[Date "2020.05.08"]
[Round "8.2"]
[Board "2"]
[White "Vidit, Santosh Gujrathi"]
[Black "Aronian, Levon"]
[Result "1-0"]
[WhiteTitle "GM"]
[BlackTitle "GM"]
[WhiteElo "2726"]
[BlackElo "2773"]
[WhiteTeam "India"]
[BlackTeam "Europe"]
[WhiteFideId "5029465"]
[BlackFideId "13300474"]
[EventDate "2020.05.05"]

1. d4 Nf6 2. c4 e6 3. Nc3 Bb4 4. f3 d5 5. a3 Be7 6. e4 dxe4 7. fxe4 c5 8. d5
exd5 9. exd5 O-O 10. Be2 Re8 11. Nf3 Bg4 12. O-O Nbd7 13. d6 Bf8 14. h3 Bh5 15.
Nb5 Rb8 16. Bf4 a6 17. Nc7 Re4 18. Bg3 Bxf3 19. Bxf3 Rd4 20. Qe1 Bxd6 21. Nd5
Bxg3 22. Qxg3 Kh8 23. Rad1 Qf8 24. Rxd4 cxd4 25. b4 Nxd5 26. Bxd5 Nf6 27. Qe5
Nxd5 28. cxd5 f6 29. Qxd4 Rd8 30. Re1 h6 31. Re6 Qf7 32. Qe4 Qc7 33. a4 Kg8 34.
Re7 Qb6+ 35. Kh1 Qd6 36. a5 f5 37. Qe6+ Qxe6 38. dxe6 Rd1+ 39. Kh2 Re1 40. Kg3
Re4 41. Rxb7 Rxe6 42. Kf4 g6 43. Kf3 Kf8 44. Rb6 Re4 45. Rxa6 Rxb4 46. Rxg6 Rb5
47. a6 h5 48. Kf4 Kf7 49. Rc6 h4 50. Kg5 Rb2 51. Kxf5 Rf2+ 52. Kg4 Rxg2+ 53.
Kxh4 Rg1 54. Kh5 Rg3 55. h4 Kg7 56. Rc7+ Kf6 57. a7 Ra3 58. Kg4 Ra4+ 59. Kf3 Kg6
60. Ke3 Kh5 61. Kd3 Ra1 62. Kd4 Kxh4 63. Kc5 Kg5 64. Kb6 Kf6 65. Kb7 Rb1+ 66.
Kc8 1-0

[Event "Online Nations Cup Prelim"]
[Site "chess.com INT"]
[Date "2020.05.08"]
[Round "8.2"]
[Board "4"]
[White "Koneru, Humpy"]
[Black "Muzychuk, Anna"]
[Result "1/2-1/2"]
[WhiteTitle "GM"]
[BlackTitle "GM"]
[WhiteElo "2586"]
[BlackElo "2535"]
[WhiteTeam "India"]
[BlackTeam "Europe"]
[WhiteFideId "5008123"]
[BlackFideId "14111330"]
[EventDate "2020.05.05"]

1. d4 d5 2. c4 c6 3. Nf3 Nf6 4. e3 Bg4 5. cxd5 cxd5 6. Nc3 e6 7. Qb3 Bxf3 8.
gxf3 Qd7 9. Bb5 Nc6 10. Na4 Bb4+ 11. Kf1 Bd6 12. Bd2 O-O 13. Rc1 Rfc8 14. Kg2
Qe7 15. Bxc6 bxc6 16. Qd3 e5 17. dxe5 Qxe5 18. Bc3 Qg5+ 19. Kf1 Qh4 20. b3 Nd7
21. Qf5 Qe7 22. Rg1 g6 23. h4 Be5 24. h5 Re8 25. Bxe5 Nxe5 26. Rg3 Qh4 27. Qh3
Qxh3+ 28. Rxh3 Rac8 29. Nc5 Re7 30. hxg6 hxg6 31. Kg2 Kg7 32. f4 Nd7 33. Rhh1
Kf6 34. Kf3 Nxc5 35. Rxc5 Ke6 36. Rhc1 Kd6 37. b4 Rb7 38. a3 Rcc7 39. f5 gxf5
40. Kf4 a6 41. Kxf5 Rb5 42. Kf6 Rb8 43. Ra5 Ra7 44. Rac5 Rc7 45. Rh1 Rg8 46. Rh6
Rg2 47. Kf5+ Kd7 48. Rc2 Rc8 49. Rf6 Rg7 50. Rc5 Rh7 51. Kf4 Rh4+ 52. Kf3 Rh7
53. Ke2 Rg7 54. Ra5 Ra8 55. Rc5 Rc8 56. Kd3 Rh7 57. Ra5 Ke7 58. Rf4 Ra8 59. a4
Rh6 60. b5 c5 61. bxa6 Rhxa6 62. Rxc5 Rxa4 63. Rc7+ Kd6 64. Rfxf7 Ra2 65. Rfd7+
Ke6 66. Re7+ Kd6 67. Red7+ Ke6 68. Re7+ Kd6 69. Red7+ 1/2-1/2